<?xml version="1.0" encoding="UTF-8"?>
<record
    xmlns:xsi="http://www.w3.org/2001/XMLSchema-instance"
    xsi:schemaLocation="http://www.loc.gov/MARC21/slim http://www.loc.gov/standards/marcxml/schema/MARC21slim.xsd"
    xmlns="http://www.loc.gov/MARC21/slim">

  <leader>04950cam a2200373 i 4500</leader>
  <controlfield tag="001">17980695</controlfield>
  <controlfield tag="005">20140930113715.0</controlfield>
  <controlfield tag="008">131223s2014    nyu      b    001 0 eng  </controlfield>
  <datafield tag="010" ind1=" " ind2=" ">
    <subfield code="a">  2013048509</subfield>
  </datafield>
  <datafield tag="020" ind1=" " ind2=" ">
    <subfield code="a">9781610392501 (hardback)</subfield>
  </datafield>
  <datafield tag="020" ind1=" " ind2=" ">
    <subfield code="z">9781610392594 (e-book)</subfield>
  </datafield>
  <datafield tag="040" ind1=" " ind2=" ">
    <subfield code="a">DLC</subfield>
    <subfield code="b">eng</subfield>
    <subfield code="c">DLC</subfield>
    <subfield code="e">rda</subfield>
    <subfield code="d">DLC</subfield>
  </datafield>
  <datafield tag="042" ind1=" " ind2=" ">
    <subfield code="a">pcc</subfield>
  </datafield>
  <datafield tag="050" ind1="0" ind2="0">
    <subfield code="a">HF 5549.5.M5</subfield>
    <subfield code="b">.M494 2014</subfield>
  </datafield>
  <datafield tag="082" ind1="0" ind2="0">
    <subfield code="a">658/.049</subfield>
  </datafield>
  <datafield tag="084" ind1=" " ind2=" ">
    <subfield code="a">BUS097000</subfield>
    <subfield code="a">PSY017000</subfield>
    <subfield code="a">PSY021000</subfield>
    <subfield code="a">LAN004000</subfield>
    <subfield code="2">bisacsh</subfield>
  </datafield>
  <datafield tag="100" ind1="1" ind2=" ">
    <subfield code="a">Meyer, Erin.</subfield>
  </datafield>
  <datafield tag="245" ind1="1" ind2="4">
    <subfield code="a">The culture map :</subfield>
    <subfield code="b">breaking through the invisible boundaries of global business /</subfield>
    <subfield code="c">Erin Meyer.</subfield>
  </datafield>
  <datafield tag="260" ind1=" " ind2=" ">
    <subfield code="a">U.S.A. :</subfield>
    <subfield code="b">PublicAffairs,  Perseus Books Group,</subfield>
    <subfield code="c">c2014.</subfield>
  </datafield>
  <datafield tag="300" ind1=" " ind2=" ">
    <subfield code="a">viii, 277 pages ;</subfield>
    <subfield code="c">24 cm.</subfield>
  </datafield>
  <datafield tag="504" ind1=" " ind2=" ">
    <subfield code="a">Includes bibliographical references and index.</subfield>
  </datafield>
  <datafield tag="520" ind1=" " ind2=" ">
    <subfield code="a">"As today's business world becomes ever-more global and virtual, executives and managers  are expected to work harmoniously together with counterparts from a broad array  dramatically different cultures and backgrounds, often without leaving their desks.  But when you  throw people together who come from starkly different backgrounds and cultures- from Americans who precede anything negative with three nice comments to French, Dutch, Israelis and Germans who get straight to the point ("your presentation was simply awful"); from Latin Americans and Asians who are steeped in hierarchy to the Scandinavians who think the best boss is just one of the crowd- the result can sometimes be disastrous. Even with English as a global language, it's easy to fall into cultural traps that endanger careers and sink deals.  In  The Culture Map, renowned expert Erin Meyer offers highly practical and timely perspective on one of today's most pressing business issues:  how do different cultures influence the way to do business when working globally? And she explains how to dramatically increase business success by improving one's ability to understand the cultural drivers of colleagues, clients, and suppliers from different countries.  With the rapid increase in global call centers, outsourcing, supply chains, and project teams, cultural diversity touches almost everyone.  Globalization has led to the rapid connection of internationally based employees from all levels of multinational companies.  The advent of information and communication technology means that work itself has globalized.  Where once you might have been expected to collaborate with colleagues from one or two foreign territories, today many people are part of global networks connected with people scattered around the world.  Yet most managers have little understanding of how local culture impacts global interaction.  Even those who are culturally informed, travel extensively, and have lived abroad often have few strategies for dealing with the cross-cultural complexity that affects their team's day-to-day effectiveness.  The Culture Map provides a new way forward, with vital insights for working effectively and sensitively with one's counterparts in the new global marketplace"--</subfield>
  </datafield>
  <datafield tag="520" ind1=" " ind2=" ">
    <subfield code="a">"As today's business world becomes ever-more global and virtual, executives and managers are expected to work harmoniously together with counterparts from a broad array of dramatically different cultures and backgrounds, often without leaving their desks. But when you throw people together who come from starkly different backgrounds and cultures-- from Americans who precede anything negative with three nice comments to French, Dutch, Israelis and Germans who get straight to the point ("your presentation was simply awful"); from Latin Americans and Asians who are steeped in hierarchy to the Scandinavians who think the best boss is just one of the crowd-- the result can sometimes be disastrous. In Culture Map, renowned expert Erin Meyer offers highly practical and timely perspective on one of today's most pressing business issues: how do different cultures influence the way to do business when working globally? And she explains how to dramatically increase business success by improving one's ability to understand the cultural drivers of colleagues, clients, and suppliers from different countries. Culture Map provides a new way forward, with vital insights for working effectively and sensitively with one's counterparts in the new global marketplace"--</subfield>
  </datafield>
  <datafield tag="650" ind1=" " ind2="0">
    <subfield code="a">Diversity in the workplace.</subfield>
  </datafield>
  <datafield tag="650" ind1=" " ind2="0">
    <subfield code="a">Psychology, Industrial.</subfield>
  </datafield>
  <datafield tag="650" ind1=" " ind2="0">
    <subfield code="a">Interpersonal relations.</subfield>
  </datafield>
  <datafield tag="650" ind1=" " ind2="7">
    <subfield code="a">BUSINESS &amp; ECONOMICS / Workplace Culture.</subfield>
    <subfield code="2">bisacsh</subfield>
  </datafield>
  <datafield tag="650" ind1=" " ind2="7">
    <subfield code="a">PSYCHOLOGY / Interpersonal Relations.</subfield>
    <subfield code="2">bisacsh</subfield>
  </datafield>
  <datafield tag="650" ind1=" " ind2="7">
    <subfield code="a">PSYCHOLOGY / Industrial &amp; Organizational Psychology.</subfield>
    <subfield code="2">bisacsh</subfield>
  </datafield>
  <datafield tag="650" ind1=" " ind2="7">
    <subfield code="a">LANGUAGE ARTS &amp; DISCIPLINES / Communication Studies.</subfield>
    <subfield code="2">bisacsh</subfield>
  </datafield>
  <datafield tag="906" ind1=" " ind2=" ">
    <subfield code="a">7</subfield>
    <subfield code="b">cbc</subfield>
    <subfield code="c">orignew</subfield>
    <subfield code="d">1</subfield>
    <subfield code="e">ecip</subfield>
    <subfield code="f">20</subfield>
    <subfield code="g">y-gencatlg</subfield>
  </datafield>
  <datafield tag="942" ind1=" " ind2=" ">
    <subfield code="2">lcc</subfield>
    <subfield code="c">BK</subfield>
    <subfield code="k">FOR</subfield>
  </datafield>
  <datafield tag="999" ind1=" " ind2=" ">
    <subfield code="c">275952</subfield>
    <subfield code="d">275952</subfield>
  </datafield>
  <datafield tag="952" ind1=" " ind2=" ">
    <subfield code="0">0</subfield>
    <subfield code="1">0</subfield>
    <subfield code="2">lcc</subfield>
    <subfield code="4">0</subfield>
    <subfield code="a">CL</subfield>
    <subfield code="b">CL</subfield>
    <subfield code="c">RES</subfield>
    <subfield code="d">2014-09-30</subfield>
    <subfield code="e">Library Fund</subfield>
    <subfield code="l">1</subfield>
    <subfield code="o">HF 5549.5.M5 .M494 2014</subfield>
    <subfield code="p">C18748</subfield>
    <subfield code="r">2018-08-07 00:00:00</subfield>
    <subfield code="s">2018-07-31</subfield>
    <subfield code="w">2014-09-30</subfield>
    <subfield code="y">BK</subfield>
  </datafield>
</record>
